000 00356nam a2200121 4500
999 _c10033
_d10033
008 180726b ||||| |||| 00| 0 eng d
100 _929637
_aGonzales, Iris
245 _aPagcor revokes 197 gaming licenses/
_cIris Gonzales
260 _aPhilippines
_bThe Philippine Star
_cc2016
300 _apage B-3.
650 0 _929638
_aVideo games.
942 _2ddc
_cPER